Kabale University Library Catalogue

The Political economy of democratic transitions / (Record no. 6070)

MARC details
000 -LEADER
fixed length control field 01002cam a2200289 a 4500
003 - CONTROL NUMBER IDENTIFIER
control field OSt
005 - DATE AND TIME OF LATEST TRANSACTION
control field 20260205144755.0
008 - FIXED-LENGTH DATA ELEMENTS--GENERAL INFORMATION
fixed length control field 260205b |||||||| |||| 00| 0 eng d
010 ## - LIBRARY OF CONGRESS CONTROL NUMBER
LC control number 94049595
020 ## - INTERNATIONAL STANDARD BOOK NUMBER
International Standard Book Number 0691029741
020 ## - INTERNATIONAL STANDARD BOOK NUMBER
International Standard Book Number 0691027757
020 ## - INTERNATIONAL STANDARD BOOK NUMBER
International Standard Book Number 9780691029740
Qualifying information (cloth : alk. paper)
040 ## - CATALOGING SOURCE
Original cataloging agency KABLIB
Transcribing agency KABLIB
Description conventions rda
082 00 - DEWEY DECIMAL CLASSIFICATION NUMBER
Classification number 338.9
Edition number 23
Item number HAG
100 1# - MAIN ENTRY--PERSONAL NAME
Personal name Haggard, Stephan.
9 (RLIN) 15395
245 14 - TITLE STATEMENT
Title The Political economy of democratic transitions /
Statement of responsibility, etc. Stephan Haggard , Robert R. Kaufman.
260 ## - PUBLICATION, DISTRIBUTION, ETC.
Place of publication, distribution, etc. Princeton :
Name of publisher, distributor, etc. Princeton University Press ,
Date of publication, distribution, etc. c1995.
300 ## - PHYSICAL DESCRIPTION
Extent xiv, 391 p. ;
Dimensions 24 cm
504 ## - BIBLIOGRAPHY, ETC. NOTE
Bibliography, etc. note Includes index.
650 #0 - SUBJECT ADDED ENTRY--TOPICAL TERM
Topical term or geographic name entry element Democracy
General subdivision Economic aspects.
9 (RLIN) 15157
650 #0 - SUBJECT ADDED ENTRY--TOPICAL TERM
Topical term or geographic name entry element Authoritarianism
General subdivision Economic aspects.
9 (RLIN) 15396
650 #0 - SUBJECT ADDED ENTRY--TOPICAL TERM
Topical term or geographic name entry element Economic policy.
9 (RLIN) 6666
650 #0 - SUBJECT ADDED ENTRY--TOPICAL TERM
Topical term or geographic name entry element Economic policy
General subdivision Cross-cultural studies.
9 (RLIN) 15397
700 1# - ADDED ENTRY--PERSONAL NAME
Personal name Kaufman, Robert R.
9 (RLIN) 15398
856 41 - ELECTRONIC LOCATION AND ACCESS
Materials specified Table of contents
Uniform Resource Identifier <a href="http://www.loc.gov/catdir/toc/prin031/94049595.html">http://www.loc.gov/catdir/toc/prin031/94049595.html</a>
942 ## - ADDED ENTRY ELEMENTS (KOHA)
Source of classification or shelving scheme Dewey Decimal Classification
Koha item type Book
Holdings
Withdrawn status Lost status Source of classification or shelving scheme Damaged status Not for loan Home library Current library Shelving location Date acquired Source of acquisition Total Checkouts Full call number Barcode Date last seen Price effective from Koha item type
    Dewey Decimal Classification     Education Library Mukombe Library Open Access Section 05.02.2026 purchased   338.9 HAG 14487 05.02.2026 05.02.2026 Book

Kabale University Library | Kabale University P.O Box 317, Kabale, Uganda
Tel : +256754017033, +256774661503 E-mail : library@kab.ac.ug